Considerazioni circa i progetti di riconoscimento legale delle unioni tra persone omosessuali /

Uloženo v:
Podrobná bibliografie
Korporativní autor: Congregazione per la dottrina della fede
Médium: Kniha
Vydáno: Milano Paoline [2003]
Vydání:6. ed.
Edice:Magistero ; 310
Tagy: Přidat tag
Žádné tagy, Buďte první, kdo vytvoří štítek k tomuto záznamu!

MARC

LEADER 00000nam a22000007i 4500
001 CDOM0000001369
003 mi
005 20251004173108.0
008 151203s2003 it |||||| ||||| |||||c
020 |a 8831525395 
040 |c mi 
245 1 |a Considerazioni circa i progetti di riconoscimento legale delle unioni tra persone omosessuali /  |c Congregazione per la dottrina della fede. 
250 |a 6. ed. 
260 |a Milano  |b Paoline  |c [2003] 
300 |a 22 p. ;  |c 17 cm 
710 |a Congregazione per la dottrina della fede 
830 |a Magistero ;  |v 310  |0 IT\ICCU\PBE\0008594 
942 |2 ddc  |c BK 
952 |0 0  |1 0  |2 ddc  |4 0  |6 B_SSR03DOTFECON11  |7 0  |9 8309  |a MI  |b MI  |d 2005-09-04  |i 4958  |l 0  |o B-SSR03-DOTFE-CON11  |p CDOM4958  |r 2025-07-17 21:50:00  |w 2025-07-17  |x DONO  |y BK 
999 |c 6931  |d 6931